000 00480nam a22001817a 4500
003 OSt
005 20250619150039.0
008 250619b |||||||| |||| 00| 0 eng d
020 _a978-93-5489-995-9
040 _cSBCL
082 _a823
_bDHA-R
100 _aDharmajan,Akhil P
245 _aRam c/o Anandhi
260 _aIndia
_bHarper Collins
_c2025
300 _a303p.
650 _2Literature & rhetoric
_aEnglish & Old English literatures
_vEnglish fiction
942 _cBOOK
999 _c137076
_d137076